Statistics for Страны с 10 символами

Click here to take the quiz!

General Stats

  • This quiz has been taken 123 times
  • The average score is 4 of 13

Answer Stats

Answer% Correct
афганистан
51%
узбекистан
47%
нидерланды
41%
мадагаскар
39%
португалия
36%
сент-люсия
34%
кыргызстан
32%
люксембург
32%
мавритания
32%
черногория
26%
сан-марино
15%
кабо-верде
12%
коста-рика
11%

Score Distribution

Percentile by Number Answered

Percent of People with Each Score

Your Score History

You have not taken this quiz